Bol som dlho preč

Bibliographic Details
Main Author: Kesey, Ken, 1935-2001 (Author)
Other Authors: Dlouhý, Karol, 1922-1987 (Translator)
Format: Book
Language:Slovak
English
PhysicalDescription:350 s. 21 cm
Published: Bratislava Petit Press 2004
ISBN:8085585197
Series:Svetová knižnica SME
Subjects:
Online Access:www.knihy.sme.sk

MARC

LEADER 00000cam a2200000 a 4500
001 vtls008158365
003 SK-MaSNL
005 20260301074540.0
008 251031s2004 xo g 000 f slo
015 |a SNBA2007/05-01689 
020 |a 8085585197  |q (viaz.)  |c 185,00 Sk 
040 |a SNK  |b slo  |c SNK  |e AACR2 
041 1 |a slo  |h eng 
044 |a xo  |c SK 
072 7 |a 821.111(73)-3  |x Americká próza  |2 konspekt 
080 |a 821.111(73)-31  |2 2001 
100 1 |a Kesey, Ken,  |d 1935-2001  |4 aut  |9 85236 
240 1 0 |a One flew over the cuckoo's nest  |l Slovensky 
245 1 0 |a Bol som dlho preč  |c Ken Kesey ; [z anglického originálu] preložil Karol Dlouhý 
260 |a Bratislava  |b Petit Press  |c 2004 
300 |a 350 s.  |c 21 cm 
490 1 |a Svetová knižnica SME  |v 7 
655 7 |a americké romány  |2 SNKPH  |9 1174 
700 1 |a Dlouhý, Karol,  |d 1922-1987  |4 trl  |9 85237 
830 0 |a Svetová knižnica SME  |9 304981 
856 4 1 |u www.knihy.sme.sk 
856 4 1 |a snk 
919 |a 80-85585-19-7 
958 |a UP 
958 |a LX 
958 |a OND 
968 |b ENG  |d 821 
999 |c 647486  |d 649416 
952 |a SNK  |b SNK  |y PREZ  |7 0  |p 17A0537189  |o snkSC 126307  |i snk2007/1526  |8 0  |0 0  |1 0  |4 0  |d 2007-01-17  |l 0  |r 2025-06-11 00:00:00  |w 2026-02-23 
952 |a SNK  |b SNK  |y PREZ  |7 0  |p 17A0537165  |o snkSC 126307 D1  |i snk2007/1527  |8 0  |0 0  |1 0  |4 0  |d 2007-01-17  |l 0  |r 2026-02-23 18:12:10  |w 2026-02-23